MARC details
| 000 -LEADER |
| campo de control de longitud fija |
01974nam a22006497a 4500 |
| 003 - IDENTIFICADOR DE NÚMERO DE CONTROL |
| campo de control |
OSt |
| 005 - FECHA Y HORA DE LA ÚLTIMA TRANSACCIÓN |
| campo de control |
20230503094019.0 |
| 008 - DATOS DE LONGITUD FIJA--INFORMACIÓN GENERAL |
| campo de control de longitud fija |
221006b |||||||| |||| 00| 0 eng d |
| 040 ## - FUENTE DE CATALOGACIÓN |
| Centro/agencia transcriptor |
Biblioteca Lado V |
| 082 ## - NÚMERO DE LA CLASIFICACIÓN DECIMAL DEWEY |
| Número de clasificación |
701.18 |
| Número de ítem |
O48e |
| 100 ## - ENTRADA PRINCIPAL--NOMBRE DE PERSONA |
| 9 (RLIN) |
294 |
| Nombre de persona |
Olivares, Rosa |
| Término indicativo de función/relación |
editor |
| 245 ## - MENCIÓN DEL TÍTULO |
| Título |
Exit Express/ |
| Resto del título |
Revista de Información y Debate sobre arte actual/ |
| 260 ## - PUBLICACIÓN, DISTRIBUCIÓN, ETC. |
| Nombre del editor, distribuidor, etc. |
Olivares y Asociados S.L. |
| Lugar de publicación, distribución, etc. |
España |
| Fecha de publicación, distribución, etc. |
2009 |
| 300 ## - DESCRIPCIÓN FÍSICA |
| Dimensiones |
25x33cm |
| Extensión |
145p. |
| 366 ## - INFORMACIÓN SOBRE DISPONIBILIDAD COMERCIAL |
| Nota |
spa |
| 490 ## - MENCIÓN DE SERIE |
| Mención de serie |
Especial |
| Designación de volumen o secuencia |
2009 |
| 505 ## - NOTA DE CONTENIDO CON FORMATO |
| Título |
Editorial. |
| 505 ## - NOTA DE CONTENIDO CON FORMATO |
| Título |
Jean Baudrillard |
| 505 ## - NOTA DE CONTENIDO CON FORMATO |
| Título |
Daniel Buren |
| 505 ## - NOTA DE CONTENIDO CON FORMATO |
| Título |
Maurizio Cattelan |
| 505 ## - NOTA DE CONTENIDO CON FORMATO |
| Título |
Nacho Criado |
| 505 ## - NOTA DE CONTENIDO CON FORMATO |
| Título |
Jeremy Deller |
| 505 ## - NOTA DE CONTENIDO CON FORMATO |
| Título |
Dias & Riedweg |
| 505 ## - NOTA DE CONTENIDO CON FORMATO |
| Título |
Valie Export |
| 505 ## - NOTA DE CONTENIDO CON FORMATO |
| Título |
Leon Export |
| 505 ## - NOTA DE CONTENIDO CON FORMATO |
| Título |
Leon Ferrari |
| 505 ## - NOTA DE CONTENIDO CON FORMATO |
| Título |
Esther Ferrer |
| 505 ## - NOTA DE CONTENIDO CON FORMATO |
| Título |
Carlos Garaicoa |
| 505 ## - NOTA DE CONTENIDO CON FORMATO |
| Título |
Dominique Gonzalez-Foerster |
| 505 ## - NOTA DE CONTENIDO CON FORMATO |
| Título |
Guillermo Gomez-Peñ |
| 505 ## - NOTA DE CONTENIDO CON FORMATO |
| Título |
Luis gordillo |
| 505 ## - NOTA DE CONTENIDO CON FORMATO |
| Título |
Douglas Gordon |
| 505 ## - NOTA DE CONTENIDO CON FORMATO |
| Título |
Thomas Hirschhorn |
| 505 ## - NOTA DE CONTENIDO CON FORMATO |
| Título |
Francesco Jodice |
| 505 ## - NOTA DE CONTENIDO CON FORMATO |
| Título |
Rogelio Lopez Cuenca |
| 505 ## - NOTA DE CONTENIDO CON FORMATO |
| Título |
Rafael Lonazo'Hemmer |
| 505 ## - NOTA DE CONTENIDO CON FORMATO |
| Título |
Juan Luis Moraza |
| 505 ## - NOTA DE CONTENIDO CON FORMATO |
| Título |
Anthony Muntadas |
| 505 ## - NOTA DE CONTENIDO CON FORMATO |
| Título |
Damian Ortega |
| 505 ## - NOTA DE CONTENIDO CON FORMATO |
| Título |
Pejaume |
| 505 ## - NOTA DE CONTENIDO CON FORMATO |
| Título |
Martha Rosler |
| 505 ## - NOTA DE CONTENIDO CON FORMATO |
| Título |
Juliao Sarmento |
| 505 ## - NOTA DE CONTENIDO CON FORMATO |
| Título |
Richard Serra |
| 505 ## - NOTA DE CONTENIDO CON FORMATO |
| Título |
Andres Serrano |
| 505 ## - NOTA DE CONTENIDO CON FORMATO |
| Título |
Lorna Simpson |
| 505 ## - NOTA DE CONTENIDO CON FORMATO |
| Título |
Juan Ugalde |
| 505 ## - NOTA DE CONTENIDO CON FORMATO |
| Título |
Isidoro Valcárcel Medina |
| 505 ## - NOTA DE CONTENIDO CON FORMATO |
| Título |
Adriana Varejao |
| 650 ## - PUNTO DE ACCESO ADICIONAL DE MATERIA--TÉRMINO DE MATERIA |
| Fuente del encabezamiento o término |
Tesauro de Arte & Arquitectura |
| Término de materia o nombre geográfico como elemento de entrada |
ARTE |
| 9 (RLIN) |
703 |
| 650 ## - PUNTO DE ACCESO ADICIONAL DE MATERIA--TÉRMINO DE MATERIA |
| Fuente del encabezamiento o término |
Tesauro de Arte & Arquitectura |
| Término de materia o nombre geográfico como elemento de entrada |
EXPOSICIONES |
| 650 ## - PUNTO DE ACCESO ADICIONAL DE MATERIA--TÉRMINO DE MATERIA |
| Fuente del encabezamiento o término |
Tesauro de Arte & Arquitectura |
| Término de materia o nombre geográfico como elemento de entrada |
CULTURA |
| 650 ## - PUNTO DE ACCESO ADICIONAL DE MATERIA--TÉRMINO DE MATERIA |
| Fuente del encabezamiento o término |
Tesauro de Arte & Arquitectura |
| Término de materia o nombre geográfico como elemento de entrada |
APRECIACION |
| 650 ## - PUNTO DE ACCESO ADICIONAL DE MATERIA--TÉRMINO DE MATERIA |
| Fuente del encabezamiento o término |
Tesauro de Arte & Arquitectura |
| Término de materia o nombre geográfico como elemento de entrada |
TEORIA |
| 650 ## - PUNTO DE ACCESO ADICIONAL DE MATERIA--TÉRMINO DE MATERIA |
| Fuente del encabezamiento o término |
Tesauro de Arte & Arquitectura |
| Término de materia o nombre geográfico como elemento de entrada |
LITERATURA |
| 650 ## - PUNTO DE ACCESO ADICIONAL DE MATERIA--TÉRMINO DE MATERIA |
| Fuente del encabezamiento o término |
Tesauro de Arte & Arquitectura |
| Término de materia o nombre geográfico como elemento de entrada |
ESPAÑA |
| 942 ## - ELEMENTOS DE ENTRADA SECUNDARIOS (KOHA) |
| Fuente del sistema de clasificación o colocación |
Clasificación Decimal Dewey |
| Tipo de ítem Koha |
Libros |
| Parte de la signatura que corresponde a la clasificación (Parte de la clasificación) |
701.18 |
| Parte de la signatura que identifica el ejemplar (Parte del ítem) |
O48e |
| Suprimir en OPAC |
No |